Electric storm / (Record no. 1008)

MARC details
000 -LEADER
fixed length control field 00797nam a22002537a 4500
005 - DATE AND TIME OF LATEST TRANSACTION
control field 20250213152242.0
020 ## - INTERNATIONAL STANDARD BOOK NUMBER
International Standard Book Number 9780439314343
040 ## - CATALOGING SOURCE
Original cataloging agency FISKH
Language of cataloging eng
Transcribing agency FISKH
Modifying agency FISKH
050 ## - LIBRARY OF CONGRESS CALL NUMBER
Classification number 551.55
082 ## - DEWEY DECIMAL CLASSIFICATION NUMBER
Classification number C237
100 ## - MAIN ENTRY--PERSONAL NAME
Personal name Capeci, Anne.
245 ## - TITLE STATEMENT
Title Electric storm /
Statement of responsibility, etc. written by Anne Capeci ; illustrations by Hope Gangloff.
260 ## - PUBLICATION, DISTRIBUTION, ETC.
Place of publication, distribution, etc. New York :
Name of publisher, distributor, etc. Scholastic,
Date of publication, distribution, etc. 2002.
300 ## - PHYSICAL DESCRIPTION
Extent 92 pages :
Other physical details illustrations,
Dimensions 20 cm.
490 ## - SERIES STATEMENT
Materials specified The magic school bus:
Series statement Chapter Book
505 ## - FORMATTED CONTENTS NOTE
Formatted contents note N <br/>
520 ## - SUMMARY, ETC.
Summary, etc. Mrs. Frizzle's class takes to the sky to study electricity via lightning.
521 ## - TARGET AUDIENCE NOTE
Target audience note 570 <br/>
Source Lexile <br/>
521 ## - TARGET AUDIENCE NOTE
Target audience note N <br/>
Source Raz-Plus <br/>
650 ## - SUBJECT ADDED ENTRY--TOPICAL TERM
Topical term or geographic name entry element electricity
Form subdivision lightning
General subdivision storms
650 ## - SUBJECT ADDED ENTRY--TOPICAL TERM
Topical term or geographic name entry element electricity
Form subdivision storms
General subdivision lightning
942 ## - ADDED ENTRY ELEMENTS (KOHA)
Source of classification or shelving scheme Dewey Decimal Classification
Koha item type Books
Suppress in OPAC No
999 ## -
-- 1008
-- 1008
Holdings
Withdrawn status Lost status Source of classification or shelving scheme Damaged status Not for loan Collection Home library Current library Shelving location Date acquired Total Checkouts Full call number Barcode Date due Date last seen Date last checked out Price effective from Koha item type Copy number
    Dewey Decimal Classification     Non-Fiction Footprints International School Library Network Toul Kork Campus Footprints International School Library Network Toul Kork Campus TK Primary Library Room(4th Floor), Bookcase 3&4, Shelves 17-32, Yellow Books 07/18/2023 1 CAP 551.55 C237 FISTK01888 04/14/2026 03/31/2026 03/31/2026 07/18/2023 Books  
    Dewey Decimal Classification     Non-Fiction Footprints International School Library Network Toul Kork Campus Footprints International School Library Network Toul Kork Campus TTP Primary Yellow Bookshelves 02/13/2025   CAP 551.55 C237 2025-0537   02/13/2025   02/13/2025 Books 2